000 02088nam a22003617a 4500
001 102457
003 KnowledgeUnlatched
005 20210303105141.0
006 m o d
007 cr u||||||||||
008 210129p20122019enk o u00| u eng d
037 _5BiblioBoard
245 0 0 _aImpacts of Climate Change on Rainfall Extremes and Urban Drainage Systems
_cPatrick Willems, Jonas Olsson.
020 _a9781780401256
029 1 _ahttps://library.biblioboard.com/ext/api/media/e9d0b0ef-a813-4bbd-a4d2-7ff717db6fd2/assets/thumbnail.jpg
040 _aScCtBLL
_cScCtBLL
506 0 _aAccess copy available to the general public.
_fUnrestricted
_2star
700 1 _aWillems, Patrick
_eeditor.
700 1 _aOlsson, Jonas
_eeditor.
264 1 _bIWA Publishing,
300 _a1 online resource (240 p.)
520 _aImpacts of Climate Change on Rainfall Extremes and Urban Drainage Systems provides a state-of-the-art overview of existing methodologies and relevant results related to the assessment of the climate change impacts on urban rainfall extremes as well as on urban hydrology and hydraulics. This overview focuses mainly on several difficulties and limitations regarding the current methods and discusses various issues and challenges facing the research community in dealing with the climate change impact assessment and adaptation for urban drainage infrastructure design and management
588 0 _aDescription based on print version record.
590 _aKU Select 2018: STEM Backlist Books
650 7 _aScience / Environmental Science (see Also Chemistry / Environmental)
_2bisacsh
650 0 _aScience
655 0 _aElectronic books.
758 _iIs found in:
_aKnowledge Unlatched
_1https://openresearchlibrary.org/module/2774bc74-146a-484f-a7ba-ab1d6a09bbfb
856 4 0 _uhttps://openresearchlibrary.org/content/e9d0b0ef-a813-4bbd-a4d2-7ff717db6fd2
_zView this content on Open Research Library.
_70
999 _c33773
_d33773